[Event "Kolomna op-A"]
[Site "Kolomna"]
[Date "2012.10.02"]
[Round "9"]
[White "Voinov, Sergey"]
[Black "Rodionova, Polina"]
[Result "0-1"]
[WhiteElo "2339"]
[BlackElo "2007"]
[PlyCount "52"]
[EventDate "2012.09.27"]
[EventType "swiss"]
[EventRounds "9"]
[EventCountry "RUS"]
[SourceTitle "EXT 2013"]
[Source "ChessBase"]
[SourceDate "2012.11.22"]
[SourceVersion "1"]
[SourceVersionDate "2012.11.22"]
[SourceQuality "1"]

1. d4 Nf6 2. c4 g6 3. Nc3 Bg7 4. e4 d6 5. f3 0-0 6. Be3 e5 7. d5 Nh5 8. Qd2 f5 9. Bd3 Na6 10. 0-0-0 Nc5 11. Bb1 Bd7 12. Nge2 a6 13. exf5 gxf5 14. g4 fxg4 15. fxg4 Nf4 16. Nxf4 exf4 17. Qc2 Qh4 18. Bf2 Qh3 19. Bd4 Bxd4 20. Rxd4 f3 21. Qf2 Rae8 22. g5 Qg2 23. Qh4 Bf5 24. Rhd1 f2 25. g6 hxg6 26. Qh6 Be4 0-1

[Event "Kolomna op-A"]
[Site "Kolomna"]
[Date "2012.09.27"]
[Round "1"]
[White "Klyuev, Alexander S"]
[Black "Voinov, Sergey"]
[Result "0-1"]
[WhiteElo "2218"]
[BlackElo "2339"]
[PlyCount "78"]
[EventDate "2012.09.27"]
[EventType "swiss"]
[EventRounds "9"]
[EventCountry "RUS"]
[SourceTitle "EXT 2013"]
[Source "ChessBase"]
[SourceDate "2012.11.22"]
[SourceVersion "1"]
[SourceVersionDate "2012.11.22"]
[SourceQuality "1"]

1. d4 d6 2. e4 g6 3. Nf3 Bg7 4. Bd3 Bg4 5. c3 e5 6. dxe5 dxe5 7. h3 Bxf3 8. Qxf3 Nf6 9. 0-0 Nbd7 10. Rd1 0-0 11. Na3 Qe7 12. Nc4 a5 13. Bc2 b5 14. Ne3 a4 15. Ng4 Ne8 16. Ne3 c6 17. Rb1 Nc5 18. b3 axb3 19. axb3 Nc7 20. g3 N7e6 21. b4 Na4 22. Bxa4 Rxa4 23. h4 h5 24. Qe2 Rfa8 25. Rb2 Qa7 26. Rbd2 Ra2 27. Kh2 Bh6 28. Rxa2 Qxa2 29. Rd2 Qb1 30. Rc2 Ra1 31. Kg2 Bxe3 32. fxe3 Kg7 33. Kh2 Nf8 34. c4 Nd7 35. cxb5 cxb5 36. Qd2 Nf6 37. Qc3 Ra2 38. Bb2 Ng4+ 39. Kg2 Qxc2+ 0-1

[Event "Kolomna-ch 62nd"]
[Site "Kolomna"]
[Date "2012.02.12"]
[Round "9"]
[White "Voinov, Sergey"]
[Black "Velikanov, Igor"]
[Result "1-0"]
[WhiteElo "2325"]
[BlackElo "2315"]
[PlyCount "81"]
[EventDate "2012.01.14"]
[EventType "tourn"]
[EventRounds "11"]
[EventCountry "RUS"]
[SourceTitle "EXT 2013"]
[Source "ChessBase"]
[SourceDate "2012.11.22"]
[SourceVersion "1"]
[SourceVersionDate "2012.11.22"]
[SourceQuality "1"]

1. c4 e6 2. Nf3 d5 3. d4 Nf6 4. Nc3 Be7 5. Bg5 0-0 6. e3 h6 7. Bh4 b6 8. cxd5 Nxd5 9. Bxe7 Qxe7 10. Nxd5 exd5 11. Bd3 Be6 12. 0-0 Nd7 13. Rc1 c5 14. dxc5 bxc5 15. Qa4 Rfb8 16. Bb5 Rb6 17. b3 a6 18. Bxd7 Bxd7 19. Qh4 Qxh4 20. Nxh4 c4 21. bxc4 dxc4 22. Rxc4 Rb2 23. Rd4 Be6 24. a4 Rc8 25. f4 Rcc2 26. f5 Bc8 27. Rd8+ Kh7 28. Rf8 Bb7 29. Rd1 Rc7 30. h3 g5 31. fxg6+ fxg6 32. Rf2 Rb4 33. Rd4 Rb1+ 34. Kh2 Re1 35. Rd6 Rxe3 36. Nxg6 Rg7 37. Nh4 Bc8 38. Rff6 Bxh3 39. Rxh6+ Kg8 40. Ng6 Bd7 41. Rh8+ 1-0

[Event "Kolomna-ch 62nd"]
[Site "Kolomna"]
[Date "2012.02.05"]
[Round "7"]
[White "Voinov, Sergey"]
[Black "Alexandrov, Anatoly"]
[Result "1-0"]
[WhiteElo "2325"]
[BlackElo "2216"]
[PlyCount "89"]
[EventDate "2012.01.14"]
[EventType "tourn"]
[EventRounds "11"]
[EventCountry "RUS"]
[SourceTitle "EXT 2013"]
[Source "ChessBase"]
[SourceDate "2012.11.22"]
[SourceVersion "1"]
[SourceVersionDate "2012.11.22"]
[SourceQuality "1"]

1. d4 d5 2. c4 dxc4 3. Nf3 Nd7 4. e4 Nb6 5. a4 a5 6. Na3 Nf6 7. e5 Nfd5 8. Nxc4 e6 9. Bd2 Bb4 10. Bxb4 axb4 11. Ncd2 0-0 12. g3 f6 13. Bd3 Qe8 14. a5 Nd7 15. exf6 N7xf6 16. 0-0 Qh5 17. Ne5 Qh3 18. Ne4 Nxe4 19. Bxe4 Nf6 20. Bg2 Qf5 21. Qe2 Ra6 22. Rfc1 c6 23. Re1 Rd8 24. Qc4 Nd5 25. Be4 Qf8 26. Bc2 Nf6 27. Re3 Rd5 28. Rf3 Qd6 29. Rd1 Raxa5 30. Qd3 Qc7 31. Ng4 Rf5 32. Nxf6+ gxf6 33. Rxf5 Rxf5 34. Qc4 Rb5 35. Ba4 Rd5 36. Qxb4 Qd8 37. Bb3 Rb5 38. Qc3 Qb6 39. Bc2 Rxb2 40. Qd3 f5 41. Ra1 Qd8 42. Ra8 Rb4 43. Bb3 Rxd4 44. Bxe6+ Bxe6 45. Rxd8+ 1-0

[Event "Kolomna-ch 62nd"]
[Site "Kolomna"]
[Date "2012.02.04"]
[Round "6"]
[White "Spiridonov, Evgeny"]
[Black "Voinov, Sergey"]
[Result "0-1"]
[WhiteElo "1891"]
[BlackElo "2325"]
[PlyCount "102"]
[EventDate "2012.01.14"]
[EventType "tourn"]
[EventRounds "11"]
[EventCountry "RUS"]
[SourceTitle "EXT 2013"]
[Source "ChessBase"]
[SourceDate "2012.11.22"]
[SourceVersion "1"]
[SourceVersionDate "2012.11.22"]
[SourceQuality "1"]

1. Nf3 Nf6 2. d4 g6 3. c4 Bg7 4. g3 d6 5. Bg2 0-0 6. e3 Nbd7 7. 0-0 e5 8. b3 Re8 9. Bb2 e4 10. Nfd2 c6 11. Qc2 d5 12. cxd5 cxd5 13. Nc3 Nb8 14. Rac1 Nc6 15. a3 Bf5 16. Qb1 a5 17. Na4 Rc8 18. Rc2 h5 19. h4 Nd7 20. Rfc1 g5 21. hxg5 Qxg5 22. Nc5 h4 23. Nf1 b6 24. Nb7 Re6 25. b4 Rh6 26. b5 h3 27. Bh1 h2+ 28. Nxh2 Qh5 29. f4 exf3 30. Bxf3 Qg5 31. Nf1 Bxc2 32. Rxc2 Qf5 33. Bg2 Nf8 34. Qc1 Nxd4 35. Bxd4 Rxc2 36. Qe1 Rxg2+ 37. Kxg2 Qe4+ 38. Kf2 Rg6 39. Bxg7 Kxg7 40. Kg1 Qc4 41. Qa1+ Kg8 42. Qe5 Qe4 43. Qc7 Rf6 44. Qc1 d4 45. Nd8 Qf3 46. Qe1 dxe3 47. Nc6 Rh6 48. Ne7+ Kh8 49. Nh2 Qf2+ 50. Qxf2 exf2+ 51. Kxf2 Rxh2+ 0-1

[Event "Kolomna-ch 62nd"]
[Site "Kolomna"]
[Date "2012.01.29"]
[Round "5"]
[White "Kovpak, Igor"]
[Black "Voinov, Sergey"]
[Result "0-1"]
[WhiteElo "2015"]
[BlackElo "2325"]
[PlyCount "70"]
[EventDate "2012.01.14"]
[EventType "tourn"]
[EventRounds "11"]
[EventCountry "RUS"]
[SourceTitle "EXT 2013"]
[Source "ChessBase"]
[SourceDate "2012.11.22"]
[SourceVersion "1"]
[SourceVersionDate "2012.11.22"]
[SourceQuality "1"]

1. d4 Nf6 2. c4 g6 3. Nc3 Bg7 4. e4 d6 5. Nf3 0-0 6. Be2 e5 7. 0-0 Nbd7 8. d5 a5 9. Be3 Ng4 10. Bg5 f6 11. Bh4 Nc5 12. Ne1 Nh6 13. f3 Bd7 14. Nd3 b6 15. b3 g5 16. Bf2 Nxd3 17. Qxd3 g4 18. a3 gxf3 19. Bxf3 f5 20. b4 fxe4 21. Bxe4 axb4 22. axb4 Rxa1 23. Rxa1 Ng4 24. Bxh7+ Kh8 25. Be1 e4 26. Bxe4 Qf6 27. Rd1 Nf2 28. Bxf2 Qxf2+ 29. Kh1 Bg4 30. Nb5 Kg8 31. Bf3 Rxf3 32. Qb1 Rf5 33. Rg1 Rh5 34. Qe1 Be5 35. h3 Rxh3+ 0-1

[Event "Kolomenskaya versta WIM"]
[Site "Kolomna"]
[Date "2009.12.20"]
[Round "3"]
[White "Lomakina, Galja"]
[Black "Voinov, Sergey"]
[Result "0-1"]
[WhiteElo "2099"]
[BlackElo "2399"]
[PlyCount "64"]
[EventDate "2009.12.19"]
[EventType "tourn"]
[EventRounds "10"]
[EventCountry "RUS"]
[SourceTitle "EXT 2022"]
[Source "ChessBase"]
[SourceDate "2021.10.06"]
[SourceVersion "1"]
[SourceVersionDate "2021.10.06"]
[SourceQuality "1"]

1. g3 g6 2. Bg2 Bg7 3. Nf3 Nf6 4. 0-0 0-0 5. d3 d6 6. c4 e5 7. Nc3 Nc6 8. Rb1 a5 9. a3 Bf5 10. b4 axb4 11. axb4 Qd7 12. b5 Nd8 13. Bg5 h6 14. Bxf6 Bxf6 15. Nd5 Bg7 16. Qd2 Kh7 17. Rfc1 Be6 18. Qc2 f5 19. Nd2 Bg8 20. h4 Ne6 21. h5 g5 22. Ne3 Nd4 23. Qd1 f4 24. Nc2 fxg3 25. fxg3 Qg4 26. Nxd4 exd4 27. Be4+ Kh8 28. Kg2 Be5 29. Qe1 Be6 30. Nf3 Qh3+ 31. Kg1 Rxf3 32. exf3 Ra2 0-1

[Event "Kolomenskaya versta WIM"]
[Site "Kolomna"]
[Date "2009.12.20"]
[Round "4"]
[White "Voinov, Sergey"]
[Black "Malinicheva, Lidia"]
[Result "1/2-1/2"]
[WhiteElo "2399"]
[BlackElo "2016"]
[PlyCount "55"]
[EventDate "2009.12.19"]
[EventType "tourn"]
[EventRounds "10"]
[EventCountry "RUS"]
[SourceTitle "EXT 2022"]
[Source "ChessBase"]
[SourceDate "2021.10.06"]
[SourceVersion "1"]
[SourceVersionDate "2021.10.06"]
[SourceQuality "1"]

1. d4 e6 2. c4 f5 3. g3 Bb4+ 4. Bd2 Be7 5. Bg2 Nf6 6. Qc2 d5 7. Nh3 Nc6 8. e3 0-0 9. 0-0 Kh8 10. Bc3 Qe8 11. Nd2 Nd8 12. f3 Qg6 13. e4 dxe4 14. fxe4 Ng4 15. Rae1 Qh6 16. Qd3 Nf7 17. Nf3 Ng5 18. Nfxg5 Bxg5 19. Re2 Bd7 20. Bd2 fxe4 21. Rxf8+ Rxf8 22. Qxe4 Bxd2 23. Qxg4 Be3+ 24. Kh1 c5 25. dxc5 Bxc5 26. Qg5 b6 27. Qxh6 gxh6 28. Nf4 1/2-1/2

[Event "Kolomna-ch final 59th"]
[Site "Kolomna"]
[Date "2009.01.21"]
[Round "5"]
[White "Polikushin, Viktor"]
[Black "Voinov, Sergey"]
[Result "0-1"]
[WhiteElo "1994"]
[BlackElo "2387"]
[PlyCount "32"]
[EventDate "2009.01.08"]
[EventType "tourn"]
[EventRounds "13"]
[EventCountry "RUS"]
[SourceTitle "EXT 2022"]
[Source "ChessBase"]
[SourceDate "2021.10.06"]
[SourceVersion "1"]
[SourceVersionDate "2021.10.06"]
[SourceQuality "1"]

1. c4 e5 2. Nc3 Nc6 3. g3 g6 4. Bg2 Bg7 5. d3 d6 6. Nf3 Be6 7. Ng5 Bd7 8. Qb3 Nf6 9. c5 0-0 10. cxd6 cxd6 11. Qxb7 Rb8 12. Qa6 Nb4 13. Qxd6 Nc2+ 14. Kf1 Nxa1 15. Nd5 Nxd5 16. Bxd5 Bh3+ 0-1

[Event "Kolomna City-ch"]
[Site "Kolomna"]
[Date "2008.02.20"]
[Round "13"]
[White "Kovpak, Igor"]
[Black "Voinov, Sergey"]
[Result "0-1"]
[WhiteElo "2011"]
[BlackElo "2264"]
[PlyCount "64"]
[EventDate "2008.01.08"]
[EventType "tourn"]
[EventRounds "15"]
[EventCountry "RUS"]
[SourceTitle "EXT 2009"]
[Source "ChessBase"]
[SourceDate "2008.11.26"]
[SourceVersion "1"]
[SourceVersionDate "2008.11.26"]
[SourceQuality "1"]

1. d4 g6 2. c4 Bg7 3. Nc3 Nf6 4. e4 d6 5. f3 0-0 6. Be3 Nc6 7. Qd2 a6 8. Nge2 Rb8 9. Bh6 e5 10. d5 Na5 11. Bxg7 Kxg7 12. Nc1 c5 13. a3 b5 14. cxb5 c4 15. b4 cxb3 16. Rb1 Nd7 17. Nxb3 Nxb3 18. Rxb3 Nc5 19. Rb2 Qa5 20. Nb1 Qb6 21. Qb4 Bd7 22. a4 Rfc8 23. Kd1 axb5 24. axb5 Ra8 25. Nc3 f5 26. Bc4 Ra1+ 27. Rb1 Na6 28. Qb3 Qd4+ 29. Ke2 Rxb1 30. Rxb1 Rxc4 31. bxa6 Rxc3 32. Qb7 Rc2+ 0-1

[Event "Kolomna City-ch"]
[Site "Kolomna"]
[Date "2008.02.13"]
[Round "12"]
[White "Voinov, Sergey"]
[Black "Gurov, Rodion"]
[Result "1-0"]
[WhiteElo "2264"]
[BlackElo "2045"]
[PlyCount "85"]
[EventDate "2008.01.08"]
[EventType "tourn"]
[EventRounds "15"]
[EventCountry "RUS"]
[SourceTitle "EXT 2009"]
[Source "ChessBase"]
[SourceDate "2008.11.26"]
[SourceVersion "1"]
[SourceVersionDate "2008.11.26"]
[SourceQuality "1"]

1. d4 d6 2. c4 e5 3. d5 f5 4. Nc3 Nf6 5. e4 fxe4 6. Qc2 Bf5 7. Nge2 Nbd7 8. Ng3 Bg6 9. Be3 Be7 10. h4 h6 11. h5 Bh7 12. Ncxe4 Nxe4 13. Nxe4 Nf6 14. Nxf6+ Bxf6 15. Bd3 Bxd3 16. Qxd3 0-0 17. Qg6 Qe8 18. 0-0-0 Qxg6 19. hxg6 e4 20. g4 Rae8 21. Rh5 Re5 22. Kc2 b6 23. Re1 Rxh5 24. gxh5 Re8 25. Bf4 Kf8 26. b4 Bg5 27. Bxg5 hxg5 28. Kc3 Re5 29. Kd4 Rf5 30. Re2 Rf4 31. Rxe4 Rxf2 32. Rg4 Rxa2 33. Rxg5 Rf2 34. Ke3 Rf1 35. b5 Re1+ 36. Kd2 Re5 37. Rxe5 dxe5 38. Kd3 Ke7 39. Ke3 Kf6 40. Ke4 Kg5 41. Kxe5 Kxh5 42. Ke6 Kxg6 43. Kd7 1-0

[Event "Kolomna City-ch"]
[Site "Kolomna"]
[Date "2008.01.08"]
[Round "1"]
[White "Berestnev, Vladimir"]
[Black "Voinov, Sergey"]
[Result "1-0"]
[WhiteElo "2211"]
[BlackElo "2264"]
[PlyCount "63"]
[EventDate "2008.01.08"]
[EventType "tourn"]
[EventRounds "15"]
[EventCountry "RUS"]
[SourceTitle "EXT 2009"]
[Source "ChessBase"]
[SourceDate "2008.11.26"]
[SourceVersion "1"]
[SourceVersionDate "2008.11.26"]
[SourceQuality "1"]

1. d4 Nf6 2. Bg5 g6 3. Bxf6 exf6 4. e3 Bg7 5. c4 0-0 6. Nc3 d6 7. g3 c6 8. Bg2 Be6 9. b3 Na6 10. Nge2 h5 11. 0-0 Nc7 12. d5 Bd7 13. dxc6 Bxc6 14. Qd2 Qe7 15. Rad1 Rfd8 16. Nf4 f5 17. Ncd5 Nxd5 18. Bxd5 Kf8 19. Qe2 Be5 20. Qf3 Bxf4 21. exf4 Bxd5 22. Rxd5 Qf6 23. Rfd1 Rac8 24. Qd3 Rc6 25. c5 Ke7 26. b4 a6 27. a4 Re8 28. Rxd6 Rxd6 29. cxd6+ Kd7 30. Qd5 Qc3 31. Qxb7+ Kd8 32. Kg2 1-0

[Event "Dnipropetrovsk Region-ch"]
[Site "Dnipropetrovsk"]
[Date "2007.10.??"]
[Round "1"]
[White "Bendersky, Valery G"]
[Black "Voinov, Sergey"]
[Result "1/2-1/2"]
[WhiteElo "2223"]
[BlackElo "2264"]
[PlyCount "28"]
[EventDate "2007.10.??"]
[EventType "tourn"]
[EventRounds "13"]
[EventCountry "UKR"]
[SourceTitle "EXT 2009"]
[Source "ChessBase"]
[SourceDate "2008.11.26"]
[SourceVersion "1"]
[SourceVersionDate "2008.11.26"]
[SourceQuality "1"]

1. d4 Nf6 2. Nf3 e6 3. c4 b6 4. e3 Bb7 5. Bd3 d5 6. 0-0 Nbd7 7. b3 Bd6 8. Bb2 Ne4 9. Nc3 Ndf6 10. cxd5 exd5 11. Ne5 Nxc3 12. Bxc3 0-0 13. Bb2 Ne4 14. Qc2 Qh4 1/2-1/2

[Event "Dnipropetrovsk Region-ch"]
[Site "Dnipropetrovsk"]
[Date "2007.10.??"]
[Round "6"]
[White "Filonenko, Kyryl"]
[Black "Voinov, Sergey"]
[Result "1/2-1/2"]
[WhiteElo "2207"]
[BlackElo "2264"]
[PlyCount "156"]
[EventDate "2007.10.??"]
[EventType "tourn"]
[EventRounds "13"]
[EventCountry "UKR"]
[SourceTitle "EXT 2009"]
[Source "ChessBase"]
[SourceDate "2008.11.26"]
[SourceVersion "1"]
[SourceVersionDate "2008.11.26"]
[SourceQuality "1"]

1. d4 Nf6 2. Nf3 e6 3. c4 b6 4. g3 Ba6 5. Qa4 c6 6. Nc3 d5 7. cxd5 exd5 8. Bg5 Be7 9. Ne5 Bb7 10. Bg2 0-0 11. 0-0 Nfd7 12. Bxe7 Qxe7 13. f4 f6 14. Nd3 Qe3+ 15. Kh1 b5 16. Qa5 Qxd4 17. a4 a6 18. Qc7 Qb6 19. Qxb6 Nxb6 20. Nc5 Rf7 21. Nxb7 Rxb7 22. axb5 axb5 23. Rxa8 Nxa8 24. Nxd5 Nb6 25. Nb4 Re7 26. Rd1 Rxe2 27. Rd8+ Kf7 28. Rxb8 Re1+ 29. Bf1 Rxf1+ 30. Kg2 Rb1 31. Rb7+ Kg6 32. Nxc6 Rxb2+ 33. Kh3 Nd5 34. Nd4 b4 35. f5+ Kh6 36. Nc6 Ne3 37. Rxb4 Rxb4 38. Nxb4 Nxf5 39. Nd5 Kg5 40. Nf4 Nd4 41. Nd5 h5 42. Ne3 f5 43. Nd5 Ne6 44. Kg2 h4 45. Kf3 h3 46. Nc3 Nd4+ 47. Ke3 Nc6 48. Nd5 Ne5 49. Kf2 g6 50. Ne3 Ng4+ 51. Nxg4 Kxg4 52. Ke3 g5 53. Kf2 Kh5 54. Kf3 Kg6 55. Kf2 Kf6 56. Kf3 Ke5 57. Ke3 Kd5 58. Kf3 Kd4 59. Kf2 Kd3 60. Kf3 Kd2 61. Kf2 Kc3 62. Ke3 Kc4 63. Ke2 Kd5 64. Kf3 Kd4 65. Kf2 Kd3 66. Kf3 Kd2 67. Kf2 Kd1 68. Kf1 Kc1 69. Ke1 Kc2 70. Ke2 Kc3 71. Ke3 Kc4 72. Ke2 Kd4 73. Kf2 Ke4 74. Ke2 f4 75. gxf4 Kxf4 76. Kf2 g4 77. Kg1 Kf3 78. Kh1 Kf2 1/2-1/2

[Event "Dnipropetrovsk Region-ch"]
[Site "Dnipropetrovsk"]
[Date "2007.10.??"]
[Round "10"]
[White "Kononenko, Dmitro"]
[Black "Voinov, Sergey"]
[Result "1-0"]
[WhiteElo "2169"]
[BlackElo "2264"]
[PlyCount "73"]
[EventDate "2007.10.??"]
[EventType "tourn"]
[EventRounds "13"]
[EventCountry "UKR"]
[SourceTitle "EXT 2009"]
[Source "ChessBase"]
[SourceDate "2008.11.26"]
[SourceVersion "1"]
[SourceVersionDate "2008.11.26"]
[SourceQuality "1"]

1. e4 e5 2. Nf3 Nc6 3. Bb5 a6 4. Ba4 Nf6 5. 0-0 Be7 6. Re1 b5 7. Bb3 0-0 8. c3 d5 9. exd5 Nxd5 10. Nxe5 Nxe5 11. Rxe5 c6 12. d3 Bd6 13. Re1 Qh4 14. g3 Qh3 15. Re4 Qf5 16. Nd2 Qg6 17. Re1 Bg4 18. f3 Bh3 19. Ne4 Bc7 20. Be3 Rad8 21. Qd2 Kh8 22. Ng5 Bf5 23. Bc5 Rg8 24. Re7 Be6 25. Nxe6 fxe6 26. Bxd5 Rxd5 27. Rxc7 Rxc5 28. d4 Rf5 29. Qe3 Qf6 30. Rxc6 Rxf3 31. Qxe6 Qd8 32. Re1 Rgf8 33. Qe4 Qd7 34. Qe6 Qb7 35. Qd5 Rf2 36. b3 h6 37. Rxh6+ 1-0

[Event "Dnipropetrovsk Region-ch"]
[Site "Dnipropetrovsk"]
[Date "2007.10.??"]
[Round "7"]
[White "Voinov, Sergey"]
[Black "Marchenko, Artem"]
[Result "0-1"]
[WhiteElo "2264"]
[BlackElo "2152"]
[PlyCount "72"]
[EventDate "2007.10.??"]
[EventType "tourn"]
[EventRounds "13"]
[EventCountry "UKR"]
[SourceTitle "EXT 2009"]
[Source "ChessBase"]
[SourceDate "2008.11.26"]
[SourceVersion "1"]
[SourceVersionDate "2008.11.26"]
[SourceQuality "1"]

1. e4 c5 2. Nf3 d6 3. d4 cxd4 4. Nxd4 Nf6 5. Nc3 g6 6. Be3 Bg7 7. f3 Nc6 8. Qd2 0-0 9. Bc4 Bd7 10. 0-0-0 Rc8 11. Bb3 Ne5 12. h4 h5 13. Bh6 Bxh6 14. Qxh6 Rxc3 15. bxc3 Qa5 16. Kb1 Rc8 17. g4 Qxc3 18. gxh5 Nc4 19. Bxc4 Rxc4 20. Rd3 Qa5 21. hxg6 Rxd4 22. Rb3 Be6 23. h5 Bxb3 24. axb3 Qc3 25. g7 Nh7 26. Rg1 Qc8 27. Qe3 Qc5 28. Qf4 Qc8 29. Qe3 Rb4 30. Qxa7 Rb5 31. h6 Rh5 32. f4 Rxh6 33. f5 Rh2 34. c3 Nf6 35. Qe3 Nxe4 36. Qxe4 Qxc3 0-1